Wybory do Sejmu 1997 - Statystyki

Ogólne statystyki
  • Ten quiz został rozwiązany 28 razy
  • Średni wynik to 6 z 21
Statystyki odpowiedzi
Miejsce Komitet Wyborczy Poparcie (%) Miejsca w Sejmie % Poprawnych
1 Akcja Wyborcza Solidarność 33,83 % 201
93%
2 Sojusz Lewicy Demokratycznej 27,13 % 164
93%
14 Przymierze Samoobrona 0,08 % 0
79%
6 Unia Pracy 4,74 % 0
71%
3 Unia Wolności 13,37 % 60
71%
4 Polskie Stronnictwo Ludowe 7,31 % 27
64%
8 Unia Prawicy Rzeczypospolitej 2,03 % 0
64%
5 Ruch Odbudowy Polski 5,56 % 6
50%
11 Mniejszość Niemiecka 0,39 % 2
29%
7 Krajowa Partia Emerytów i Rencistów 2,18 % 0
14%
9 Krajowe Porozumienie Emerytów i Rencistów RP 1,63 % 0
7%
12 Towarzystwo Społeczno-Kulturalne Niemców Województwa Katowickiego 0,13 % 0
0%
18 Mniejszość Niemiecka Województwa Olsztyńskiego 0,01 % 0
0%
10 Narodowo Chrześcijańsko Demokratyczny - Blok dla Polski 1,36 % 0
0%
17 Niemiecka Wspólnota Robotnicza „Pojednanie i Przyszłość” 0,03 % 0
0%
19 „Niezależna i Bezpartyjna” 0,01 % 0
0%
15 Polska Wspólnota Narodowa – Polskie Stronnictwo Narodowe 0,07 % 0
0%
20 Sojusz Ludzi – „Polska Praca Sprawiedliwość” 0,01 % 0
0%
13 Stowarzyszenie Słowiańskiej Mniejszości Narodowej Rzeczpospolitej Polskiej – Prawosławni 0,10 % 0
0%
16 Towarzystwo Społeczno-Kulturalne Niemców Województwa Częstochowskiego 0,05 % 0
0%
21 Związek Stowarzyszeń Mniejszości Niemieckiej Województwa Elbląskiego 0,01 % 0
0%
Nie znaleziono quizów pasujących do podanych kryteriów
Rozkład punktacji
Procent ludzi z każdym wynikiem
Percentyl według liczby udzielonych odpowiedzi
Twoja historia wyników
Nie rozwiązałeś tego quizu